The age of Ruth and Landis : the economics of baseball during the roaring twenties /

Bibliographic Details
Main Author: Surdam, David George (Author)
Corporate Author: ProQuest (Firm)
Format: eBook
Language:English
Published: Lincoln : University of Nebraska Press, [2018]
Subjects:
Online Access:Connect to the full text of this electronic book

MARC

Tag First Indicator Second Indicator Subfields
LEADER 00000cam a2200000Ki 4500
001 in00004046292
006 m o d
007 cr cnu---unuuu
008 180503s2018 nbu o s001 0 eng d
005 20250816222811.0
020 |a 9781496205711  |q electronic book 
020 |a 1496205715  |q electronic book 
020 |a 9781496205735  |q electronic book 
020 |a 1496205731  |q electronic book 
020 |z 9780803296824 
020 |z 0803296827 
020 |z 1496205715 
020 |z 9781496205728 
020 |z 1496205723 
024 8 |a 40028162988 
035 |a (NhCcYBP)ebc5375905 
040 |a NhCcYBP  |c NhCcYBP  |d UtOrBLW 
043 |a n-us--- 
050 4 |a GV880  |b .S868 2018 
072 7 |a BUS  |x 038000  |2 bisacsh 
072 7 |a POL  |x 013000  |2 bisacsh 
082 0 4 |a 331.88/11796357  |2 23 
084 |a SPO003030  |2 bisacsh 
100 1 |a Surdam, David George,  |e author.  |0 http://id.loc.gov/authorities/names/n2018013333 
245 1 4 |a The age of Ruth and Landis :  |b the economics of baseball during the roaring twenties /  |c David George Surdam, Michael J. Haupert. 
264 1 |a Lincoln :  |b University of Nebraska Press,  |c [2018] 
300 |a 1 online resource. 
336 |a text  |b txt  |2 rdacontent 
337 |a computer  |b c  |2 rdamedia 
338 |a online resource  |b cr  |2 rdacarrier 
500 |a Machine generated contents note: List of Tables Acknowledgments Introduction 1. Baseball's Interminable Wars 2. The Rise of Judge Kenesaw Mountain Landis 3. Baseball's Longstanding Gambling Problem 4. The Financial Side of the Game 5. Getting Fans to the Ballpark 6. Trying to Make the Game More Popular 7. Not a Perfect Game 8. The Stars Are Realigned 9. Competitive Balance and Its Discontents 10. Owners versus Players 11. Highly Paid but Exploited Players 12. Hang On, the Minor Leagues' Bumpy Ride 13. Baseball and Ethnic Diversity 14. Hilldale and the Negro Leagues in the 1920s Epilogue: The Roaring Twenties and Major League Baseball Appendix 1: New York Yankees Financial Records Appendix 2: Salary Data Sources Notes Bibliography Index. 
505 0 |a Cover; Title Page; Copyright Page; Contents; List of Tables; Acknowledgments; Introduction; 1. Baseball's Interminable Wars; 2. The Rise of Judge Kenesaw Mountain Landis; 3. Baseball's Longstanding Gambling Problem; 4. The Financial Side of the Game; 5. Getting Fans to the Ballpark; 6. Trying to Make the Game More Popular; 7. Not a Perfect Game; 8. The Stars Are Realigned; 9. Competitive Balance and Its Discontents; 10. Owners versus Players; 11. Highly Paid but Exploited Players; 12. Hang On, the Minor Leagues' Bumpy Ride; 13. Baseball and Ethnic Diversity 
505 8 |a 14. Hilldale and the Negro Leagues in the 1920sEpilogue; Appendix 1; Appendix 2; Notes; Bibliography; Index 
588 |a Description based on online resource; title from digital title page (viewed on May 18, 2018). 
500 |a Electronic resource. 
650 0 |a Baseball  |x Economic aspects  |z United States  |x History  |y 20th century. 
650 0 |a Baseball players  |z United States  |x Economic conditions  |y 20th century. 
650 0 |a Baseball team owners  |z United States  |x Economic conditions  |y 20th century. 
655 7 |a Electronic books.  |2 local 
710 2 |a ProQuest (Firm)  |0 http://id.loc.gov/authorities/names/n2007068018 
776 1 8 |i Print version:  |a Surdam, David George.  |t Age of Ruth and Landis.  |d Lincoln : University of Nebraska Press, 2018  |z 9781496205735  |w (DLC) 2017044997 
856 4 0 |u https://ebookcentral.proquest.com/lib/tamucs/detail.action?docID=5375905  |y Connect to the full text of this electronic book  |t 0 
955 |a YBP purchased approval e-records 
980 |b 67.50  |g 1 
987 |a ybp15042042 
999 f f |s a36fdf4e-f94c-39f2-88b9-80117e5cf098  |i 19b8be27-cbbd-3f97-8b92-8018be6bde9d  |t 0 
952 f f |a Texas A&M University  |b College Station  |c Electronic Resources  |d Available Online  |t 0  |e GV880 .S868 2018  |h Library of Congress classification 
998 f f |a GV880 .S868 2018  |t 0  |l Available Online